| 000 | 00790cam a22002533a 4500 | ||
|---|---|---|---|
| 001 | 16408217 | ||
| 003 | OSt | ||
| 005 | 20160728145847.0 | ||
| 008 | 900809s1988 ctu j 000 1 eng d | ||
| 010 | _a 98808586 | ||
| 035 | _a(OCoLC)ocm22200849 | ||
| 040 |
_aSSA _cSSA _dBGU _dOCLCQ _dDLC |
||
| 050 |
_aPZ 7 _b.Ot87 1988 |
||
| 082 |
_aKF _bOt2sh 1988 |
||
| 100 | 1 |
_aOtfinoski, Steven. _96573 |
|
| 245 | 1 | 4 |
_aThe shrieking skull / _cSteven Otfinoski. |
| 260 |
_aMiddletown, Conn. : _bWeekly Reader Books, _cc1988. |
||
| 300 |
_a126 p. : _c18 cm. |
||
| 562 | _eFor circulation. 1 copy available in the collection | ||
| 710 | 2 |
_aCopyright Paperback Collection (Library of Congress) _5DLC _9705 |
|
| 906 |
_a7 _bcbc _ccopycat _d2 _encip _f19 _gy-genrareb |
||
| 942 |
_2lcc _cBK |
||
| 999 |
_c8243 _d8243 |
||